| 000 | 00471nam a2200157 i 4500 | ||
|---|---|---|---|
| 001 | 94578 | ||
| 003 | ES-MaACL | ||
| 005 | 20230906181519.0 | ||
| 007 | t| | ||
| 008 | 050509s1951 sp ||||1| spa d | ||
| 100 | 1 |
_aLoste Echeto, Lorenzo. _974289 |
|
| 245 | 1 | 0 |
_aPintores del niño en España _b: Conferencia... / _cLorenzo Loste Echeto. |
| 260 |
_aHuesca : _bMuseo Arqueológico, _c1951. |
||
| 300 |
_a42 p. : _bil. ; _c22 cm. |
||
| 852 |
_aES-MaACL _j1931-F-16 _bR.31896 |
||
| 999 |
_c94578 _d94578 |
||